| 000 | 01367nam0a2200325 4500 | ||
|---|---|---|---|
| 001 | RU\NLR\bibl\1360880 | ||
| 005 | 20250615183541.0 | ||
| 010 |
_a978-5-9793-0114-9 _9500 |
||
| 021 |
_aRU _b2009-13703 _9811 |
||
| 035 | _a(NLR Aleph) 001353055 | ||
| 090 |
_a933259 _c933259 |
||
| 100 | _a20090422d2008 |||y0rusy50 ca | ||
| 101 | 0 | _arus | |
| 102 | _aRU | ||
| 105 | _aa ||||||||| | ||
| 200 | 1 |
_aРазвитие ценностно-мировоззренческих ориентаций учащихся _fГ.С. Ошорова, Н.Б. Ошорова _gФедерал. агентство по образованию, Бурят. гос. ун-т |
|
| 210 |
_aУлан-Удэ _cИзд-во Бурятского государственного университета _d2008 |
||
| 215 |
_a74, [1] с. _cил. _d20 |
||
| 320 | _aБиблиогр.: с. 70-74 (66 назв.) | ||
| 606 | 1 |
_aШкольники _xОриентации ценностные _xФормирование _92156884 _3RU\NLR\auth\661298405 |
|
| 686 | 1 | _aЮ983.72 | |
| 700 | 1 |
_aОшорова _bГ. С. _gГалина Сафроновна _4070 |
|
| 701 | 1 |
_aОшорова _bН. Б. _gНаталья Баторовна _4070 |
|
| 801 | 0 |
_aRU _bNLR _c20090422 _gRCR |
|
| 801 | 1 |
_aRU _bNLR _c20090422 |
|
| 830 | _aавт. по кн. | ||
| 942 | _cBOOK | ||
| 980 | _aNB | ||